| 000 | 00832nam a2200265Ia 4500 | ||
|---|---|---|---|
| 003 | OSt | ||
| 005 | 20220918163627.0 | ||
| 006 | a|||||r|||| 00| 0 | ||
| 007 | ta | ||
| 008 | 220917b |||||||| |||| 00| 0 eng d | ||
| 020 |
_a0195144023 (pbk) _cUSD 71.00 |
||
| 024 | _a328,550 | ||
| 037 |
_bBBS/96, 18/01/2018, Better Book Services _cTextual |
||
| 040 |
_aARTS _cARTS _beng |
||
| 041 |
_2eng _aeng |
||
| 082 | _aR4, N6.2 | ||
| 100 |
_aKamn F.M Au. _914225 |
||
| 245 | 0 |
_aMorality morality _b rights duites and status |
|
| 260 |
_aNew York _bOxford University Press USA _c1996 |
||
| 300 |
_aviii,389p. _ccm. |
||
| 490 |
_vVol. 2 _aOxford ethics series |
||
| 650 |
_aETHICS; PHILOSOPHY _914226 |
||
| 942 |
_hR4, N6.2 _cTEXL _2CC |
||
| 999 |
_c120474 _d120474 |
||